| 000 | 00592nam a2200181 a 4500 | ||
|---|---|---|---|
| 005 | 20140414132108.0 | ||
| 008 | 100722s19uu xx 00 eng d | ||
| 050 |
_aREF 793.73 _bW51 2002 |
||
| 100 | _aWick, Walter | ||
| 245 |
_aCan you see what I see? : _bpicture puzzles to search and solve. |
||
| 260 |
_aNew York : _bScholastic , _c2002. |
||
| 300 | _a35 p. | ||
| 500 | _a "Cartwheel books"-T.p. verso. | ||
| 520 | _aPresents twelve brain-teasing hidden picture puzzles to solve. | ||
| 650 | _aPicture puzzles --Juvenile literature. | ||
| 650 | _aPicture puzzles. | ||
| 999 |
_c114653 _d114653 |
||